[Event "Superbet POL Blitz 2024"]
[Site "Warsaw POL"]
[Date "2024.05.11"]
[Round "1.1"]
[White "Wei, Yi"]
[Black "Gukesh, D"]
[Result "0-1"]
[WhiteTitle "GM"]
[BlackTitle "GM"]
[WhiteElo "2755"]
[BlackElo "2764"]
[WhiteFideId "8603405"]
[BlackFideId "46616543"]
[EventDate "2024.05.11"]

1. Nf3 d5 2. e3 Nf6 3. c4 e6 4. b3 b6 5. Bb2 Bb7 6. Nc3 g6 7. g3 Bg7 8. Bg2 O-O
9. O-O dxc4 10. bxc4 c5 11. Qe2 Nc6 12. Rfd1 Qe7 13. d4 cxd4 14. exd4 Rfd8 15.
Rac1 Rac8 16. Nb5 a6 17. Ba3 Nb4 18. Nc3 a5 19. d5 Ba6 20. dxe6 Qxe6 21. Qxe6
fxe6 22. Rxd8+ Rxd8 23. Ne5 Ne8 24. f4 Bxe5 25. fxe5 Bxc4 26. Rb1 Rd3 27. Bxb4
axb4 28. Ne4 Bxa2 29. Rxb4 Rb3 30. Rd4 Rb1+ 31. Kf2 Rb2+ 32. Nd2 Kf8 33. Ke3 Nc7
34. Rd7 Nd5+ 35. Bxd5 Bxd5 36. Rxh7 b5 37. h4 b4 38. Kd3 b3 39. Rh8+ Kg7 40. Rb8
Ra2 41. g4 Ra4 42. h5 Rxg4 43. hxg6 Kxg6 44. Kc3 Kf5 45. Kb2 Rg2 46. Kc3 Kxe5
47. Nf1 Rc2+ 48. Kb4 b2 49. Ka3 Rf2 50. Ne3 Rf3 0-1

[Event "Superbet POL Blitz 2024"]
[Site "Warsaw POL"]
[Date "2024.05.11"]
[Round "1.2"]
[White "Keymer, Vincent"]
[Black "Abdusattorov, Nodirbek"]
[Result "1/2-1/2"]
[WhiteTitle "GM"]
[BlackTitle "GM"]
[WhiteElo "2726"]
[BlackElo "2766"]
[WhiteFideId "12940690"]
[BlackFideId "14204118"]
[EventDate "2024.05.11"]

1. Nf3 d5 2. e3 Nf6 3. c4 e6 4. Nc3 b6 5. cxd5 exd5 6. g3 Bb7 7. Bg2 g6 8. O-O
Bg7 9. d4 O-O 10. b3 Nbd7 11. Bb2 Re8 12. Rc1 a6 13. Re1 Rc8 14. Re2 c6 15. Rec2
Qe7 16. Bh3 Rcd8 17. Bg2 Rc8 18. Ne2 Ne4 19. Nf4 a5 20. Nd3 Rc7 21. Nfe5 Nxe5
22. Nxe5 c5 23. Nd3 Rd8 24. Ba3 Rdc8 25. Bh3 f5 26. Bg2 Bf8 27. Qe1 Qe8 28. dxc5
Qb5 29. Nf4 Qd7 30. Bxe4 fxe4 31. c6 Rxc6 32. Rxc6 Rxc6 33. Bxf8 Kxf8 34. h4 Kf7
35. Qd2 Rxc1+ 36. Qxc1 Qc6 37. Qd2 h6 38. Qd4 g5 39. hxg5 hxg5 40. Ne2 Bc8 41.
Qe5 Kg6 42. Nd4 Qd7 43. Qb8 Kh5 44. Qxb6 Kg4 45. Qb5 Qc7 46. Qe2+ Kh3 47. Qf1+
Kg4 48. Kg2 Kh5 49. Qh1+ Kg6 50. Qh8 Qd7 51. Qg8+ Kf6 52. Qh8+ Kg6 53. Kg1 Ba6
54. Qg8+ Kf6 55. Qf8+ Kg6 56. Qa8 Bd3 57. Qc6+ Qxc6 58. Nxc6 Kf6 59. Nxa5 Ke5
60. Nc6+ Kd6 61. Nd4 g4 62. a3 Kc5 63. b4+ Kc4 64. b5 Kc5 65. a4 Kb6 66. Nf5 Bc2
67. Ne7 Bb3 68. Kf1 Kc5 69. a5 Kxb5 70. Ng6 Kxa5 71. Ne5 Bd1 72. Ke1 Bf3 73. Kd2
Kb4 74. Kc2 Kc5 75. Kc3 Bd1 76. Ng6 Bf3 77. Nf4 Bd1 78. Ne6+ Kd6 79. Nd4 Kc5 80.
Nf5 Bf3 81. Ng7 Bd1 82. Ne8 Be2 83. Nf6 Bf3 84. Nd7+ Kd6 85. Nb6 Kc5 86. Na4+
Kb5 87. Nb2 Kc5 88. Na4+ Kb5 1/2-1/2

[Event "Superbet POL Blitz 2024"]
[Site "Warsaw POL"]
[Date "2024.05.11"]
[Round "1.3"]
[White "Duda, Jan-Krzysztof"]
[Black "Praggnanandhaa, R"]
[Result "0-1"]
[WhiteTitle "GM"]
[BlackTitle "GM"]
[WhiteElo "2734"]
[BlackElo "2747"]
[WhiteFideId "1170546"]
[BlackFideId "25059530"]
[EventDate "2024.05.11"]

1. d4 Nf6 2. c4 e6 3. Nf3 Bb4+ 4. Bd2 Qe7 5. g3 Bxd2+ 6. Nbxd2 d6 7. Bg2 O-O 8.
O-O e5 9. e4 a5 10. h3 Nc6 11. d5 Nb4 12. a3 Na6 13. b4 Bd7 14. Qb3 c6 15. Rfc1
axb4 16. axb4 c5 17. b5 Nb4 18. Ne1 h5 19. h4 Ng4 20. Nd3 Nxd3 21. Qxd3 Qf6 22.
f3 Nh6 23. Qe3 Kh7 24. Kh2 Rg8 25. Qg5 Qd8 26. Rxa8 Qxa8 27. Qe7 Qd8 28. Qxd6 g5
29. Bh3 gxh4 30. Qxe5 Bxh3 31. Kxh3 Rxg3+ 32. Kh2 Qd7 0-1

[Event "Superbet POL Blitz 2024"]
[Site "Warsaw POL"]
[Date "2024.05.11"]
[Round "1.4"]
[White "Carlsen, Magnus"]
[Black "Shevchenko, Kirill"]
[Result "1-0"]
[WhiteTitle "GM"]
[BlackTitle "GM"]
[WhiteElo "2830"]
[BlackElo "2677"]
[WhiteFideId "1503014"]
[BlackFideId "14129574"]
[EventDate "2024.05.11"]

1. e4 c5 2. Nf3 Nc6 3. Bb5 Nf6 4. Bxc6 dxc6 5. d3 Qc7 6. Nbd2 e5 7. Nc4 b5 8.
Ncd2 Be7 9. b3 Be6 10. O-O O-O 11. Ng5 Bg4 12. Qe1 Nd7 13. h3 Bh5 14. Ngf3 Rfd8
15. Bb2 f6 16. Nh4 Nf8 17. Nf5 Ne6 18. Nxe7+ Qxe7 19. a4 a6 20. Ra2 Nf4 21. f3
Bf7 22. Qe3 c4 23. dxc4 bxc4 24. Ba3 Qd7 25. Nxc4 Bxc4 26. bxc4 Qe6 27. Rb2 Rd7
28. Rb6 Rad8 29. Bc1 h5 30. Kh2 Kh7 31. Qc5 Ng6 32. Rxc6 Qf7 33. Be3 a5 34. Qxa5
Rd6 35. Rxd6 Rxd6 36. c5 Rc6 37. Qb5 Rc8 38. Rd1 Rc7 39. a5 Qa2 40. Rd7 Rxd7 41.
Qxd7 Qxc2 42. Qf5 1-0

[Event "Superbet POL Blitz 2024"]
[Site "Warsaw POL"]
[Date "2024.05.11"]
[Round "1.5"]
[White "Giri, Anish"]
[Black "Erigaisi, Arjun"]
[Result "1/2-1/2"]
[WhiteTitle "GM"]
[BlackTitle "GM"]
[WhiteElo "2745"]
[BlackElo "2762"]
[WhiteFideId "24116068"]
[BlackFideId "35009192"]
[EventDate "2024.05.11"]

1. Nf3 d5 2. d4 Nf6 3. c4 e6 4. Nc3 c6 5. e3 Nbd7 6. Qc2 Bd6 7. b3 O-O 8. Be2 b6
9. O-O Bb7 10. Bb2 Qe7 11. Rad1 Rad8 12. Rfe1 Rfe8 13. Bf1 e5 14. dxe5 Nxe5 15.
Nd4 dxc4 16. Nf5 Qe6 17. Nxd6 Rxd6 18. Rxd6 Qxd6 19. Rd1 cxb3 20. axb3 Qe7 21.
Ne4 Nd5 22. Ng3 Bc8 23. e4 Nb4 24. Qc3 f6 25. h3 c5 26. f4 Nec6 27. Qe3 Nc2 28.
Qf2 N2d4 29. f5 Rd8 30. Bc4+ Kh8 31. Bd5 Ne5 32. Bxd4 cxd4 33. Qxd4 Bb7 34. Nf1
Qd6 35. Ne3 h6 36. Nc4 Nxc4 37. bxc4 Bxd5 38. exd5 Re8 39. Qf2 Re4 40. Rd4 Re5
41. Rg4 Qd7 42. Rf4 Qe7 43. Kh2 Re2 44. Qg3 a5 45. Rf3 Re5 46. Rb3 Qc7 47. Qf4
a4 48. Ra3 Qd7 49. Qg3 Rxf5 50. Qb8+ Kh7 51. Qxb6 Qe7 52. Qe6 Qxe6 53. dxe6 Re5
54. Rxa4 Rxe6 55. c5 Rc6 56. Rc4 Kg6 57. g4 Kf7 58. Kg3 Ke6 59. Rc1 Kd5 60. Kf4
g6 61. Rd1+ Kxc5 62. h4 Ra6 63. Rd8 Rd6 64. Rh8 Rd4+ 65. Kg3 Rd3+ 66. Kg2 g5 67.
Rxh6 gxh4 68. Rxf6 Rg3+ 69. Kh2 Rxg4 70. Kh3 Rd4 71. Rf5+ Rd5 72. Rxd5+ Kxd5 73.
Kxh4 1/2-1/2

[Event "Superbet POL Blitz 2024"]
[Site "Warsaw POL"]
[Date "2024.05.11"]
[Round "2.1"]
[White "Gukesh, D"]
[Black "Erigaisi, Arjun"]
[Result "0-1"]
[WhiteTitle "GM"]
[BlackTitle "GM"]
[WhiteElo "2764"]
[BlackElo "2762"]
[WhiteFideId "46616543"]
[BlackFideId "35009192"]
[EventDate "2024.05.11"]

1. d4 d5 2. c4 e6 3. Nf3 Nf6 4. Nc3 c6 5. Bg5 dxc4 6. e4 b5 7. e5 h6 8. Bh4 g5
9. Nxg5 hxg5 10. Bxg5 Nbd7 11. exf6 Bb7 12. h4 Nxf6 13. Qe2 Be7 14. Qe5 Rg8 15.
O-O-O Ng4 16. Bxe7 Qxe7 17. Qf4 O-O-O 18. Be2 Qc7 19. Qxc7+ Kxc7 20. Rhf1 f5 21.
g3 a6 22. Bxg4 Rxg4 23. Ne2 c5 24. dxc5 Rxd1+ 25. Rxd1 Bf3 26. Re1 Re4 27. Kd2
b4 28. a3 c3+ 29. bxc3 b3 30. c4 Rxe2+ 31. Rxe2 Bxe2 32. Kc3 Bd1 0-1

[Event "Superbet POL Blitz 2024"]
[Site "Warsaw POL"]
[Date "2024.05.11"]
[Round "2.2"]
[White "Shevchenko, Kirill"]
[Black "Giri, Anish"]
[Result "1-0"]
[WhiteTitle "GM"]
[BlackTitle "GM"]
[WhiteElo "2677"]
[BlackElo "2745"]
[WhiteFideId "14129574"]
[BlackFideId "24116068"]
[EventDate "2024.05.11"]

1. Nf3 Nf6 2. g3 g6 3. c4 c5 4. Nc3 b6 5. Bg2 Bb7 6. O-O Bg7 7. d4 cxd4 8. Qxd4
O-O 9. Qh4 Na6 10. Bh6 Nc5 11. Rad1 Rc8 12. Rfe1 Nce4 13. Nxe4 Bxe4 14. Rd4 Bxf3
15. exf3 Rc5 16. Bxg7 Kxg7 17. Rdd1 d6 18. b3 Qc7 19. Qd4 b5 20. cxb5 Rxb5 21.
Rc1 Rc5 22. Rxc5 dxc5 23. Qc3 Rc8 24. f4 Qd6 25. Rc1 Kg8 26. Bf3 Ne8 27. Bg4 e6
28. Be2 Rc7 29. Bb5 Qe7 30. Bxe8 Qxe8 31. Qe5 Qc6 32. Rd1 Rc8 33. Qf6 h5 34. h4
c4 35. bxc4 Qxc4 36. Rd7 Rf8 37. Qb2 a5 38. a3 Qc5 39. a4 Qc6 40. Qd4 Qc1+ 41.
Kh2 Qc6 42. Ra7 Qd5 43. Qxd5 exd5 44. Rd7 Ra8 45. Rxd5 Kg7 46. f5 Kf6 47. fxg6
fxg6 48. Kg2 Ke6 49. Rg5 Kf6 50. Kf3 Ra6 51. Ke3 Re6+ 52. Kd3 Rd6+ 53. Kc4 Rd2
54. f4 Ra2 55. Kb5 Ra3 56. Kxa5 Rb3 57. Ka6 Rb4 58. a5 Rb3 59. Ka7 Rb4 60. a6
Rb3 61. Ka8 Rb4 62. Rc5 Rb3 63. a7 Rxg3 64. Rb5 1-0

[Event "Superbet POL Blitz 2024"]
[Site "Warsaw POL"]
[Date "2024.05.11"]
[Round "2.3"]
[White "Praggnanandhaa, R"]
[Black "Carlsen, Magnus"]
[Result "1-0"]
[WhiteTitle "GM"]
[BlackTitle "GM"]
[WhiteElo "2747"]
[BlackElo "2830"]
[WhiteFideId "25059530"]
[BlackFideId "1503014"]
[EventDate "2024.05.11"]

1. e4 c6 2. d4 d5 3. exd5 cxd5 4. Bd3 Nc6 5. c3 e6 6. Bf4 Bd6 7. Bxd6 Qxd6 8.
Nf3 Nge7 9. O-O O-O 10. Re1 Bd7 11. Nbd2 f6 12. b4 b6 13. a4 Rac8 14. Re3 Be8
15. Qe1 Bf7 16. a5 Nf5 17. Re2 Nce7 18. Nf1 Qd7 19. axb6 axb6 20. Ng3 Nd6 21.
Ra6 Rb8 22. h4 Rfe8 23. Rea2 Nef5 24. Ra7 Rb7 25. Nxf5 exf5 26. Ra8 Rbb8 27. Qa1
Rxa8 28. Rxa8 Rxa8 29. Qxa8+ Qe8 30. Qa7 Qd8 31. Nd2 Ne4 32. Bxe4 fxe4 33. Nf1
f5 34. g3 h6 35. Qb7 g5 36. hxg5 hxg5 37. Ne3 Be6 38. Qc6 Kf7 39. c4 dxc4 40. d5
Bd7 41. Qh6 Qf6 42. Qh7+ Ke8 43. Qg8+ Ke7 44. Nxc4 Bb5 45. d6+ Kd7 46. Nxb6+
Kxd6 47. Qd5+ Kc7 48. Qxb5 Qxb6 49. Qxf5 Qxb4 50. Qxg5 Kd7 51. Qf4 Ke6 52. Kg2
Qd4 53. g4 Qd5 54. Kg3 Qd3+ 55. Kh4 Qb1 56. Qf5+ Ke7 57. Kh5 Qd3 58. g5 Qd1+ 59.
Kg6 Qd3 60. Kg7 Qc4 61. Qe5+ Kd7 62. g6 Qd3 63. Qf5+ Ke7 64. Qf6+ Kd7 65. Kg8 e3
66. Qf7+ Kd6 67. fxe3 Qxe3 68. g7 Qe5 69. Kf8 1-0

[Event "Superbet POL Blitz 2024"]
[Site "Warsaw POL"]
[Date "2024.05.11"]
[Round "2.4"]
[White "Wei, Yi"]
[Black "Keymer, Vincent"]
[Result "1-0"]
[WhiteTitle "GM"]
[BlackTitle "GM"]
[WhiteElo "2755"]
[BlackElo "2726"]
[WhiteFideId "8603405"]
[BlackFideId "12940690"]
[EventDate "2024.05.11"]

1. e4 e5 2. Bc4 Nf6 3. d3 c6 4. Nf3 d5 5. Bb3 Bd6 6. exd5 cxd5 7. Bg5 Nc6 8. O-O
d4 9. Nbd2 O-O 10. Re1 h6 11. Bh4 Bg4 12. h3 Bh5 13. Qe2 Re8 14. Ne4 Be7 15. Ng3
Bg6 16. Nxe5 Bb4 17. Bxf6 Qxf6 18. Ng4 Qf4 19. Qxe8+ Rxe8 20. Rxe8+ Kh7 21. Nh2
Ne5 22. Ne2 Qf6 23. f4 Nd7 24. g4 Qc6 25. f5 Nc5 26. fxg6+ Qxg6 27. Bd5 Bd2 28.
Rf1 Be3+ 29. Kh1 Ne6 30. Be4 1-0

[Event "Superbet POL Blitz 2024"]
[Site "Warsaw POL"]
[Date "2024.05.11"]
[Round "2.5"]
[White "Abdusattorov, Nodirbek"]
[Black "Duda, Jan-Krzysztof"]
[Result "0-1"]
[WhiteTitle "GM"]
[BlackTitle "GM"]
[WhiteElo "2766"]
[BlackElo "2734"]
[WhiteFideId "14204118"]
[BlackFideId "1170546"]
[EventDate "2024.05.11"]

1. e4 c6 2. d4 d5 3. exd5 cxd5 4. Bd3 Nc6 5. c3 Nf6 6. Bf4 Bg4 7. Qb3 Qd7 8. Nd2
e6 9. Ngf3 Bd6 10. Be5 Qc7 11. O-O Bxf3 12. Bxd6 Qxd6 13. Nxf3 O-O 14. Rfe1 Nd7
15. Qc2 h6 16. Re3 Rab8 17. a4 a6 18. Qe2 Rfc8 19. h4 Na5 20. g4 Nc4 21. Bxc4
Rxc4 22. g5 Qf4 23. a5 g6 24. gxh6 Rc6 25. Ng5 Qxh4 26. Rg3 Qxh6 27. Kg2 Qg7 28.
Rh1 Nf8 29. f4 b5 30. Nf3 f6 31. Nh4 b4 32. f5 bxc3 33. bxc3 g5 34. Qd2 Rb3 35.
fxe6 Rxe6 36. Nf3 Ng6 37. Re1 Rxe1 38. Qxe1 Rb2+ 39. Kg1 Nf4 40. Qe8+ Qf8 41.
Qxf8+ Kxf8 42. Kf1 Ra2 43. Nxg5 fxg5 44. Rxg5 Ra1+ 0-1

[Event "Superbet POL Blitz 2024"]
[Site "Warsaw POL"]
[Date "2024.05.11"]
[Round "3.1"]
[White "Duda, Jan-Krzysztof"]
[Black "Wei, Yi"]
[Result "0-1"]
[WhiteTitle "GM"]
[BlackTitle "GM"]
[WhiteElo "2734"]
[BlackElo "2755"]
[WhiteFideId "1170546"]
[BlackFideId "8603405"]
[EventDate "2024.05.11"]

1. b3 d5 2. Bb2 Nf6 3. Nf3 c5 4. e3 g6 5. c4 dxc4 6. Bxc4 Bg7 7. O-O O-O 8. d4
cxd4 9. Nxd4 Bd7 10. Nd2 Nc6 11. N4f3 a6 12. Rc1 b5 13. Bd3 Qb6 14. Qe2 Rac8 15.
h3 Rfd8 16. Bb1 Be8 17. Ne4 Nxe4 18. Bxe4 Nb8 19. Rfd1 Rxd1+ 20. Rxd1 Nd7 21.
Bxg7 Kxg7 22. Qb2+ Nf6 23. Ne5 Qc5 24. Bb1 a5 25. g4 h6 26. Nd3 Qd5 27. Kh2 b4
28. Qe5 Bc6 29. Qxd5 Nxd5 30. Ne5 Nc3 31. Rc1 Bb5 32. Bd3 Bxd3 33. Nxd3 Rd8 34.
Nc5 Rd2 35. Kg2 Rxa2 36. h4 Kf6 37. Kf3 Ke5 38. h5 gxh5 39. gxh5 f5 40. Rg1 Kd5
41. Nd3 e5 42. Kg2 Rd2 43. Ne1 Nd1 44. Nf3 Nxe3+ 0-1

[Event "Superbet POL Blitz 2024"]
[Site "Warsaw POL"]
[Date "2024.05.11"]
[Round "3.2"]
[White "Carlsen, Magnus"]
[Black "Abdusattorov, Nodirbek"]
[Result "0-1"]
[WhiteTitle "GM"]
[BlackTitle "GM"]
[WhiteElo "2830"]
[BlackElo "2766"]
[WhiteFideId "1503014"]
[BlackFideId "14204118"]
[EventDate "2024.05.11"]

1. e4 d5 2. exd5 Qxd5 3. Nc3 Qd6 4. d4 Nf6 5. Nf3 Nc6 6. Nb5 Qd8 7. Be2 a6 8.
Na3 Bg4 9. Nc4 e6 10. O-O Be7 11. c3 O-O 12. h3 Bh5 13. Bf4 Nd5 14. Bg3 b5 15.
Ncd2 Bd6 16. Ne4 Bxg3 17. Nxg3 Bg6 18. Qd2 Qd6 19. a4 Na5 20. Qd1 b4 21. c4 Nf4
22. Re1 c5 23. Bf1 Rfd8 24. Ne4 Bxe4 25. Rxe4 cxd4 26. g3 Ng6 27. Rxd4 Qc7 28.
c5 Rxd4 29. Qxd4 Nb3 30. Qe4 Rb8 31. Rd1 Nxc5 32. Qc4 Qb6 33. b3 h6 34. Rc1 Rc8
35. Qd4 a5 36. h4 Ne7 37. Ne5 Nf5 38. Qc4 Rc7 39. Qb5 Qd6 40. Qe8+ Kh7 41. Nxf7
Qd4 42. h5 g6 43. hxg6+ Kxg6 44. Ne5+ Kf6 45. Re1 Ne4 46. Ng4+ Kg7 47. Qxe6
Nexg3 48. Ne5 Nxf1 49. Qg6+ Kf8 50. Qf6+ Kg8 51. Qg6+ Rg7 0-1

[Event "Superbet POL Blitz 2024"]
[Site "Warsaw POL"]
[Date "2024.05.11"]
[Round "3.3"]
[White "Keymer, Vincent"]
[Black "Gukesh, D"]
[Result "1-0"]
[WhiteTitle "GM"]
[BlackTitle "GM"]
[WhiteElo "2726"]
[BlackElo "2764"]
[WhiteFideId "12940690"]
[BlackFideId "46616543"]
[EventDate "2024.05.11"]

1. Nf3 d5 2. e3 Nf6 3. c4 e6 4. Nc3 Nc6 5. d4 g6 6. Be2 Bg7 7. O-O O-O 8. b3 Qe7
9. Bb2 Rd8 10. Qc1 a5 11. Rd1 dxc4 12. Bxc4 b6 13. e4 a4 14. bxa4 Bb7 15. Ba3
Nb4 16. e5 Nd7 17. Qf4 c5 18. Bxb4 cxb4 19. Nb5 Rxa4 20. Nd6 Bxf3 21. Qxf3 Nf8
22. Rac1 Ra3 23. Bb3 Rd7 24. Rc8 Raa7 25. g3 Rd8 26. Rdc1 Rad7 27. R8c6 h5 28.
h4 Bh6 29. R1c2 g5 30. Qxh5 Kg7 31. Re2 Ng6 32. Re4 Rh8 33. Qf3 gxh4 34. Rg4
hxg3 35. fxg3 Rc7 36. Bc2 Rxc6 37. Qxc6 Be3+ 38. Kg2 Rh6 39. Qf3 Bd2 40. Bxg6
fxg6 41. Qf2 Bc1 42. Qc2 Be3 43. Qe4 Bg5 44. Rxg5 Qxg5 45. Qb7+ Kg8 46. Qc8+ Kg7
47. Qd7+ Kg8 48. Qxe6+ Kg7 49. Qd7+ Kg8 50. Qe8+ Kg7 51. Qf7+ Kh8 52. Qe8+ Kg7
53. Qd7+ Kg8 54. Ne4 Qf5 55. Nf6+ Kh8 56. Qe8+ 1-0

[Event "Superbet POL Blitz 2024"]
[Site "Warsaw POL"]
[Date "2024.05.11"]
[Round "3.4"]
[White "Giri, Anish"]
[Black "Praggnanandhaa, R"]
[Result "1-0"]
[WhiteTitle "GM"]
[BlackTitle "GM"]
[WhiteElo "2745"]
[BlackElo "2747"]
[WhiteFideId "24116068"]
[BlackFideId "25059530"]
[EventDate "2024.05.11"]

1. Nf3 Nf6 2. c4 g6 3. g3 Bg7 4. Bg2 O-O 5. O-O d6 6. Nc3 e5 7. d3 Nc6 8. Rb1 a5
9. a3 Nd4 10. b4 axb4 11. axb4 Re8 12. b5 Ne6 13. Ng5 Nc5 14. Nge4 Nfxe4 15.
Nxe4 Nxe4 16. Bxe4 Bh3 17. Bxb7 Bxf1 18. Kxf1 Rb8 19. Bc6 Rf8 20. e3 f5 21. Kg2
h5 22. Bd5+ Kh7 23. Qf3 Qe7 24. h3 h4 25. gxh4 Qxh4 26. Qg3 Qe7 27. Bd2 Bh6 28.
Kh1 f4 29. Qg2 Qh4 30. Rg1 Rf6 31. Be4 Rg8 32. exf4 Bxf4 33. Be1 Qh5 34. Qg4 Qh6
35. h4 Bd2 36. Bxd2 Qxd2 37. h5 Kh8 38. Qh4 Qf4 39. Rg4 Qxf2 40. hxg6+ Qxh4+ 41.
Rxh4+ Kg7 42. Rh7+ Kf8 43. Rxc7 Rf4 44. b6 Rh8+ 45. Kg2 1-0

[Event "Superbet POL Blitz 2024"]
[Site "Warsaw POL"]
[Date "2024.05.11"]
[Round "3.5"]
[White "Erigaisi, Arjun"]
[Black "Shevchenko, Kirill"]
[Result "1-0"]
[WhiteTitle "GM"]
[BlackTitle "GM"]
[WhiteElo "2762"]
[BlackElo "2677"]
[WhiteFideId "35009192"]
[BlackFideId "14129574"]
[EventDate "2024.05.11"]

1. c4 Nf6 2. Nc3 g6 3. e4 d6 4. d4 Bg7 5. Be2 O-O 6. Nf3 e5 7. d5 a5 8. Nd2 Na6
9. g4 c6 10. h4 cxd5 11. cxd5 Bd7 12. h5 Nc5 13. a4 Rc8 14. g5 Ne8 15. Nc4 f5
16. gxf6 Qxf6 17. Be3 gxh5 18. Rxh5 Qe7 19. Nb6 Rc7 20. Nxd7 Nxd7 21. Nb5 Rc8
22. Bg4 Nef6 23. Be6+ Kh8 24. Rh3 Rc4 25. Bf5 Nc5 26. f3 b6 27. Ke2 Rb4 28. b3
Rxb3 29. Qc2 Rxe3+ 30. Kxe3 Nxd5+ 31. exd5 Qg5+ 32. Kf2 e4 33. Rxh7+ Kg8 34.
Rxg7+ Kxg7 35. Rg1 Rxf5 36. Rxg5+ Rxg5 37. fxe4 Rh5 38. Qc3+ Kg6 39. Nxd6 1-0

[Event "Superbet POL Blitz 2024"]
[Site "Warsaw POL"]
[Date "2024.05.11"]
[Round "4.1"]
[White "Praggnanandhaa, R"]
[Black "Erigaisi, Arjun"]
[Result "0-1"]
[WhiteTitle "GM"]
[BlackTitle "GM"]
[WhiteElo "2747"]
[BlackElo "2762"]
[WhiteFideId "25059530"]
[BlackFideId "35009192"]
[EventDate "2024.05.11"]

1. e4 e6 2. d4 d5 3. Nd2 Nf6 4. e5 Nfd7 5. Bd3 c5 6. c3 Nc6 7. Ngf3 a5 8. a3 Be7
9. O-O g5 10. dxc5 g4 11. Nd4 Ndxe5 12. Bb5 Bd7 13. f4 gxf3 14. N2xf3 Bxc5 15.
Bxc6 Nxc6 16. Ng5 Ne5 17. Bf4 Rg8 18. Qh5 Qf6 19. Nxh7 Qg7 20. Bg5 Be7 21. h4
Rh8 22. Bf6 Bxf6 23. Rxf6 Ng6 24. Raf1 Qxh7 25. Qg5 Qxh4 26. Rxg6 fxg6 27. Qxg6+
Kd8 28. Rf7 Kc8 29. Nf3 Qh6 30. Qg3 Qe3+ 0-1

[Event "Superbet POL Blitz 2024"]
[Site "Warsaw POL"]
[Date "2024.05.11"]
[Round "4.2"]
[White "Gukesh, D"]
[Black "Shevchenko, Kirill"]
[Result "0-1"]
[WhiteTitle "GM"]
[BlackTitle "GM"]
[WhiteElo "2764"]
[BlackElo "2677"]
[WhiteFideId "46616543"]
[BlackFideId "14129574"]
[EventDate "2024.05.11"]

1. Nf3 Nf6 2. g3 g6 3. Bg2 Bg7 4. O-O O-O 5. c4 d6 6. d4 Nbd7 7. Nc3 e5 8. e4
exd4 9. Nxd4 Nc5 10. h3 Re8 11. Re1 h6 12. b3 c6 13. Bb2 h5 14. Qd2 Nfd7 15.
Rad1 h4 16. g4 Ne5 17. Qc2 Qb6 18. Nce2 a5 19. a3 a4 20. b4 Nb3 21. Kh1 g5 22.
Rf1 Be6 23. Nxe6 fxe6 24. Rxd6 Rad8 25. Rxd8 Rxd8 26. Bc1 Rf8 27. Be3 Qd8 28.
Rd1 Qe7 29. f4 gxf4 30. Bxf4 c5 31. b5 Nd4 32. Nxd4 Rxf4 33. Ne2 Rf2 34. Rf1 Qf7
35. Rxf2 Qxf2 36. Qd1 Bf6 37. Ng1 Nxc4 38. Qd7 Bd4 39. Qxe6+ Qf7 40. Qc8+ Kg7
41. Nf3 Ne3 42. Nxh4 Qf2 43. Qd7+ Kf6 44. Qd6+ Kf7 45. Qd7+ Kf6 46. e5+ Kg5 47.
Nf3+ Kf4 48. Nh4 Qe1+ 49. Kh2 Nf1+ 50. Bxf1 Qg3+ 0-1

[Event "Superbet POL Blitz 2024"]
[Site "Warsaw POL"]
[Date "2024.05.11"]
[Round "4.3"]
[White "Wei, Yi"]
[Black "Carlsen, Magnus"]
[Result "1/2-1/2"]
[WhiteTitle "GM"]
[BlackTitle "GM"]
[WhiteElo "2755"]
[BlackElo "2830"]
[WhiteFideId "8603405"]
[BlackFideId "1503014"]
[EventDate "2024.05.11"]

1. e4 c5 2. Nf3 e6 3. d4 cxd4 4. Nxd4 Nc6 5. Nc3 Qc7 6. Be3 a6 7. Qd2 Nf6 8.
O-O-O Be7 9. f4 b5 10. e5 b4 11. Ncb5 axb5 12. Nxb5 Qb8 13. exf6 gxf6 14. Nd6+
Bxd6 15. Qxd6 Qxd6 16. Rxd6 Rxa2 17. Kb1 Ra5 18. Bb6 Ra8 19. Bb5 Ne7 20. Rhd1
Rb8 21. Bd3 Bb7 22. g3 Bf3 23. Rf1 Bg2 24. Rf2 Nc8 25. Bc7 Rb7 26. Rxg2 Rxc7 27.
Rd4 b3 28. c3 Ke7 29. Rb4 d5 30. Rxb3 Nd6 31. Re2 f5 32. Kc2 h5 33. Rb6 h4 34.
Kb3 hxg3 35. hxg3 Rh3 36. Rg2 Ne4 37. Kb4 Nxg3 38. Bb5 Nh5 39. Rb8 Nxf4 40. Rgg8
Kf6 41. Ka5 Ra7+ 42. Ba6 Rh2 43. Kb6 Re7 44. b4 d4 45. c4 e5 46. c5 e4 47. c6 e3
48. Rbd8 d3 49. Bxd3 Nxd3 50. Rd6+ Re6 51. Rxd3 e2 52. Rg1 e1=Q 53. Rxe1 Rxe1
54. Rc3 Rb1 55. c7 Rh8 56. b5 Rc8 57. Ka6 Ke5 58. b6 f4 59. b7 Rxc7 60. Rxc7
Rxb7 61. Rxb7 f3 62. Rxf7 Ke4 63. Kb5 Ke3 64. Kc4 f2 65. Rxf2 Kxf2 1/2-1/2

[Event "Superbet POL Blitz 2024"]
[Site "Warsaw POL"]
[Date "2024.05.11"]
[Round "4.4"]
[White "Abdusattorov, Nodirbek"]
[Black "Giri, Anish"]
[Result "1/2-1/2"]
[WhiteTitle "GM"]
[BlackTitle "GM"]
[WhiteElo "2766"]
[BlackElo "2745"]
[WhiteFideId "14204118"]
[BlackFideId "24116068"]
[EventDate "2024.05.11"]

1. e4 e5 2. Nc3 Nf6 3. Bc4 Nc6 4. d3 Bb4 5. Nf3 d6 6. O-O Bxc3 7. bxc3 h6 8. h3
O-O 9. a4 Be6 10. Bxe6 fxe6 11. c4 b6 12. g3 Qe8 13. Kg2 Qh5 14. c3 Rf7 15. Nh4
Qxd1 16. Rxd1 Rd8 17. Nf3 Rfd7 18. Re1 Re8 19. Ba3 d5 20. c5 dxe4 21. dxe4 Rd3
22. cxb6 cxb6 23. Bb2 Nd7 24. c4 Rf8 25. Re3 Rxe3 26. fxe3 Na5 27. Rd1 Rf7 28.
Rc1 Nb3 29. Rd1 Nbc5 30. Nxe5 Nxe5 31. Bxe5 Nxa4 32. Rd8+ Kh7 33. Bd4 Rc7 34.
Ra8 Nc5 35. Bxc5 Rxc5 36. Rxa7 Rxc4 37. Kf3 Kg6 38. Rb7 Rb4 39. e5 Rb5 40. Kf4
Rb4+ 41. e4 Rc4 42. Rxb6 Kf7 43. Rb7+ Kf8 44. h4 Rc5 45. g4 Ra5 46. Rb3 Kf7 47.
Rb7+ Kf8 48. h5 Rc5 49. Ra7 Rb5 50. Rd7 Ra5 51. Rd6 Kf7 52. Rc6 Rb5 53. Rc7+ Kf8
54. g5 hxg5+ 55. Kxg5 Rxe5+ 56. Kg6 Rxe4 57. Rf7+ Kg8 58. Rxg7+ Kh8 59. Kh6 Rd4
60. Rg4 Rxg4 1/2-1/2

[Event "Superbet POL Blitz 2024"]
[Site "Warsaw POL"]
[Date "2024.05.11"]
[Round "4.5"]
[White "Keymer, Vincent"]
[Black "Duda, Jan-Krzysztof"]
[Result "0-1"]
[WhiteTitle "GM"]
[BlackTitle "GM"]
[WhiteElo "2726"]
[BlackElo "2734"]
[WhiteFideId "12940690"]
[BlackFideId "1170546"]
[EventDate "2024.05.11"]

1. Nf3 Nf6 2. c4 e6 3. Nc3 d5 4. e3 a6 5. cxd5 exd5 6. g3 b6 7. Bg2 Bb7 8. O-O
Nbd7 9. b3 Bd6 10. Bb2 O-O 11. Rc1 Re8 12. Re1 Nc5 13. d3 Bf8 14. Ne2 Ne6 15.
Ne5 c5 16. d4 Rc8 17. Nf4 Nxf4 18. exf4 Rc7 19. Rc2 Ne4 20. dxc5 bxc5 21. Rce2
Qa8 22. Ng4 h5 23. Ne5 a5 24. Re3 Nf6 25. R3e2 a4 26. Qc2 axb3 27. axb3 d4 28.
Bxb7 Qxb7 29. Nd7 Rxd7 30. Rxe8 Nxe8 31. Rxe8 Re7 32. Rxe7 Bxe7 33. Qd3 h4 34.
Bc1 Qa8 35. Bd2 h3 36. f3 Qa1+ 37. Qf1 Qb2 38. Qd3 c4 39. Qxc4 Qxd2 40. Qc8+ Bf8 0-1